| 000 | 00597nam a2200217Ia 4500 | ||
|---|---|---|---|
| 008 | 101110s9999 xx 000 0 und d | ||
| 041 | _aENGLISH | ||
| 082 | _bSR34951 | ||
| 100 | _aForouzan Behrouz A. & Mukhopadhyay | ||
| 245 | _aCryptography & network security, 2nd ed | ||
| 260 |
_c2010 _bTata McGraw Hill Education, New Delhi |
||
| 300 | _a702 | ||
| 365 | _b360 | ||
| 520 | _aComputer | ||
| 546 | _aENGLISH | ||
| 630 | _aCryptography & network security, 2nd ed | ||
| 650 | _aComputer | ||
| 655 | _aComputer | ||
| 730 | _aCryptography & network security, 2nd ed | ||
| 942 | _cBOOK | ||
| 999 |
_c827452 _d827449 |
||